Eurointegrácia Ukrajiny: skôr šanca ako hrozba
Obavy slovenských výrobcov, najmä z oblasti poľnohospodárstva a chemického priemyslu, z otvorenia trhu ukrajinskej produkcii. Argumenty, prečo sa slovenskí výrobcovia nemusia obávať vstupu Ukrajiny na jednotný trh. Požiadavka európskych štandardov na produkty. Najväčší exportní partneri Ukrajiny. Na...
Na minha lista:
| Autor principal: | |
|---|---|
| Formato: | Capítulo de Livro |
| Idioma: | eslovaco |
| Assuntos: | |
| Tags: |
Sem tags, seja o primeiro a adicionar uma tag!
|
MARC
| LEADER | 00000naa a2200000 4500 | ||
|---|---|---|---|
| 001 | 0184530 | ||
| 005 | 20231113101204.0 | ||
| 041 | 0 | |a slo | |
| 044 | |a SK | ||
| 245 | 1 | 0 | |a Eurointegrácia Ukrajiny: skôr šanca ako hrozba |c Michal Lehuta |
| 520 | |a Obavy slovenských výrobcov, najmä z oblasti poľnohospodárstva a chemického priemyslu, z otvorenia trhu ukrajinskej produkcii. Argumenty, prečo sa slovenskí výrobcovia nemusia obávať vstupu Ukrajiny na jednotný trh. Požiadavka európskych štandardov na produkty. Najväčší exportní partneri Ukrajiny. Najväčšie vývozné komodity Ukrajiny. | ||
| 610 | 2 | 0 | |a integrácia ekonomická medzinárodná |
| 610 | 2 | 0 | |a spolupráca hospodárska medzinárodná |
| 610 | 2 | 0 | |a obchod zahraničný |
| 610 | 2 | 0 | |a vývoz |
| 610 | 2 | 0 | |a komodity |
| 610 | 2 | 0 | |a trh |
| 610 | 2 | 0 | |a Ukrajina |
| 610 | 2 | 0 | |a Európska únia |
| 100 | 1 | |a Lehuta, Michal | |